00685nam a2200181Ia 4500008004100000041000800041082001500049100002100064245005900085250001300144260003900157300000800196365001600204700004800220906004100268999001900309952017500328230718s9999 xx 000 0 und d aeng a621.7bCHO aChoudhury S.K.H. aElements Of Workshop TechnologybVol.II: Machine Tools a12th ed. c2008bMedia Promoters & Publishers a700 cRs.b200.00 aChoudhury S.K.H.; Choudhury A.K.H. & Roy N. dB:108090107020-Jan-2009cALLIEDb450 c320133d320133 00104070aCCEPbCCEPd2009-01-30eVarma Book DistributorsfALLIEDg170.00i1080901070l0o621.7pCCEP-BK-31340r2023-07-18 00:00:00t450v200.00w2009-01-20yBKz031340